| 000 | 00861 a2200301 4500 | ||
|---|---|---|---|
| 001 | 200128823 | ||
| 999 |
_c200128823 _d31563 |
||
| 003 | TR-AnTOB | ||
| 005 | 20230908101227.0 | ||
| 008 | 130524s2010 cc 000 0 | ||
| 020 | _a9787508513041 (pbk.) | ||
| 040 | _aTR-AnTOB | ||
| 041 | _aeng | ||
| 050 | 0 |
_aHB126.C4 _bW8 2010 |
|
| 090 | _aHB126.C4.W8 2010 | ||
| 100 | 1 |
_aWu, Li _987524 |
|
| 245 | 1 | 0 |
_aChina's economy / _cWu Li, Sui Fumin, Zheng Lei ; translated by David Gu. |
| 246 | 1 |
_aChinese: _bZhongguo riji |
|
| 246 | 1 | _aZhongguo jing ji. | |
| 264 | 1 |
_aBeijing Shi : _bWu zhou chuan bo chu ban she, _c2010 |
|
| 300 |
_a70 p. : _bbill. (some col.) _c23 cm |
||
| 650 | 0 | 0 |
_aEconomics _zChina _987528 |
| 650 | 7 |
_aEkonomi _zÇin _2etuturkob _977608 |
|
| 700 | 1 |
_aDavid Gu _987525 |
|
| 700 | 1 |
_aZheng, Lei _987526 |
|
| 700 | 1 |
_aSui, Fumin _987527 |
|
| 942 | _cBK | ||